000 00298nam a2200121 a 4500
008 110107s1975|||| d
100 1 _aLenin, V. I.
245 1 0 _aDetská nemoc "ľavičiarstva" v komunizme
260 _bPravda
_aBratislava
_c1975
020 _c4
044 _axo
_cSK
041 _aslo
999 _c15554
_d15554